|
|
|
|
| LEADER |
00000nam0a2200000 4500 |
| 001 |
195945 |
| 005 |
20231101224646.0 |
| 010 |
|
|
|a 9785778218468
|
| 035 |
|
|
|a (RuTPU)RU\TPU\book\213761
|
| 090 |
|
|
|a 195945
|
| 100 |
|
|
|a 20110517d2012 m y0rusy50 ca
|
| 101 |
0 |
|
|a rus
|
| 102 |
|
|
|a RU
|
| 105 |
|
|
|a a j 001zy
|
| 200 |
1 |
|
|a Гидроэнергетика
|e учебное пособие для вузов
|f Т. А. Филиппова [и др.]
|
| 205 |
|
|
|a 2-е изд., перераб.
|
| 210 |
|
|
|a Новосибирск
|c Изд-во НГТУ
|d 2012
|
| 215 |
|
|
|a 619 с.
|c ил.
|
| 225 |
1 |
|
|a Учебники НГТУ
|
| 320 |
|
|
|a Предметный указатель: с. 578-584.
|
| 330 |
|
|
|a Рассмотрен весь цикл производства электроэнергии на ГЭС и использования гидроэлектростанций как объектов электроэнергетики в электроснабжении потребителей: технологический процесс получения электроэнергии на ГЭС на основе использования водной энергии рек; особенности работы ГЭС в электроэнергетической системе при электроснабжении потребителей; инженерные основы создания ГЭС как промышленного объекта электроэнергетики; общеэнергетические сведения о состоянии гидроэнергетики в России и в мире. По этим направлениям излагаются специальные вопросы. В их числе: использование энергии рек и преобразование ее в электрическую ^энегяию^илзадроту" Линнъгх^«тдаювках7регулиро1шнйё"стока рек водохранилищами; место ГЭС в электроэнергетических системах; гидротехнические сооружения; выбор основных гидроэнергетических параметров при проектировании ГЭС; сведения по общей гидроэнергетике России и мира. Книга ориентирована на широкий круг читателей: студентов, имеющих энергетическую подготовку; инженеров, работающих на предприятиях и в организациях, где требуются знания основ гидроэнергетики, на любого читателя, который знакомится с работой ГЭС.
|
| 606 |
1 |
|
|a Гидроэнергетика
|2 stltpush
|3 (RuTPU)RU\TPU\subj\38703
|9 59048
|
| 610 |
1 |
|
|a ГЭС
|
| 610 |
1 |
|
|a гидроэлектростанции
|
| 610 |
1 |
|
|a параметры
|
| 610 |
1 |
|
|a характеристика
|
| 610 |
1 |
|
|a регулирование
|
| 610 |
1 |
|
|a гидротурбины
|
| 610 |
1 |
|
|a энергия
|
| 610 |
1 |
|
|a преобразование
|
| 610 |
1 |
|
|a оборудование
|
| 610 |
1 |
|
|a мощность
|
| 610 |
1 |
|
|a режимы работы
|
| 610 |
1 |
|
|a водохранилища
|
| 610 |
1 |
|
|a водные ресурсы
|
| 610 |
1 |
|
|a использование
|
| 610 |
1 |
|
|a управление
|
| 610 |
1 |
|
|a гидроузлы
|
| 610 |
1 |
|
|a электроэнергетические системы
|
| 610 |
1 |
|
|a гидротепловые энергосистемы
|
| 610 |
1 |
|
|a нагрузки
|
| 610 |
1 |
|
|a распределение
|
| 610 |
1 |
|
|a гидротехнические сооружения
|
| 610 |
1 |
|
|a проектирование
|
| 610 |
1 |
|
|a гидроэнергетика
|
| 610 |
1 |
|
|a экономические вопросы
|
| 610 |
1 |
|
|a учебные пособия
|
| 675 |
|
|
|a 621.311.21(075.8)
|v 3
|
| 701 |
|
1 |
|a Филиппова
|b Т. А.
|g Тамара Арсентьевна
|
| 701 |
|
1 |
|a Мисриханов
|b М. Ш.
|g Мисрихан Шапиевич
|
| 701 |
|
1 |
|a Сидоркин
|b Ю. М.
|g Юрий Михайлович
|
| 701 |
|
1 |
|a Русина
|b А. Г.
|c специалист в области энергетики
|c профессор Томского политехнического университета, доктор технических наук
|f 1981-
|g Анастасия Георгиевна
|2 stltpush
|3 (RuTPU)RU\TPU\pers\31861
|
| 801 |
|
1 |
|a RU
|b 63413507
|c 20110517
|
| 801 |
|
2 |
|a RU
|b 63413507
|c 20150605
|g RCR
|
| 900 |
|
|
|a Гидроэнергетика
|
| 942 |
|
|
|c BK
|
| 951 |
|
|
|b 140400
|
| 959 |
|
|
|a 51/20110517
|d 5
|e 1015,00
|f ЧЗТЛ:1
|f АНЛ:1
|f УФ:3
|
| 959 |
|
|
|a 71/20120511
|d 2
|e 1015,00
|f ЧЗТЛ:1
|f АНЛ:1
|